000 00210 a2200097 4500
001 11936
100 _aLipman, M.H.
245 _aPolitical science
260 _a
_bBarnes & Nobel books
_c
090 _c9190
_d9190
942 _aNUST-CAE
_cM
_c36034
999 _c247009
_d247009